• 首页
  • 本馆介绍
  • 公告通知
  • 最新文献
  • 馆藏检索
  • 电子资源
  • 读者导购
  • 参考咨询
  • 我的图书馆
  • 登录
  • 详细信息显示
  • 放入我的书架
  • 预约/预借图书
  • 作者相关作品
  • 分类相关作品
  • 丛书相关作品
  • 出版社相关作品

书目信息

  • 表格格式
  • 工作单格式
  • 卡片格式
题名:
列宁对民族殖民地革命学说的重大发展
    
 
作者: 陈安 著
分册:  
出版信息: 北京   三联书店  1981
页数: 341页
开本: 19cm
丛书名:
单 册:
中图分类: A821.64
科图分类:
主题词: 列宁著作研究-殖民地-民族革命 , 殖民地-列宁著作研究-民族革命 , 民族革命-殖民地-列宁著作研究
电子资源:
ISBN:
000 00780nam0 2200265 45
001 0181004544
005 20060911112552.70
010    @dCNY0.92
091    @aCN@b3002.218
100    @a19950320d1981 emky0chiy0121 ea
101 0  @achi
102    @aCN@b110000
105    @ay z 000yy
200 10 @a列宁对民族殖民地革命学说的重大发展@Alie ning dui min zu zhi min di ge ming xue shuo de zhong da fa zhan@f陈安著
210    @a北京@c三联书店@d1981
215    @a341页@d19cm
300    @a内部发行
606    @a列宁著作研究-殖民地-民族革命
606    @a殖民地-列宁著作研究-民族革命
606    @a民族革命-殖民地-列宁著作研究
690    @aA821.64@v3
701  0 @a陈安@Achen an@4著
801  2 @aCN@bNLC@c20060911
801  0 @aCN@bTSSF@c20060820
905    @a10447@dA821.64@e30
    
    列宁对民族殖民地革命学说的重大发展/陈安著.-北京:三联书店,1981
    341页;19cm
    内部发行
    
    ISBN :CNY0.92
    
●
相关链接 在E读中查询图书 在五车中查询图书 在当当中查询图书 在豆瓣中查询图书


正题名:列宁对民族殖民地革命学说的重大发展     索取号:A821.64/30         预约/预借

序号 登录号 条形码 馆藏地/架位号 状态 备注
1 0446922   204469226   密集书库/ [索取号:A821.64/30] 在馆    
2 0446923   204469235   密集书库/ [索取号:A821.64/30] 在馆    
3 0471332   204713328   密集书库/ [索取号:A821.64/30] 在馆    
4 0471967   204719670   密集书库/ [索取号:A821.64/30] 在馆    
唐山师范学院图书馆 欢迎您!
大连网信软件有限公司© 版权所有